000
00274nam a2200121 4500
999
_c
10652
_d
10652
003
OSt
005
20220509130227.0
008
220509b ||||| |||| 00| 0 eng d
082
_a
721.0913
100
_a
Maxwell Fry Jane Drew
245
_a
Tropical architecture
942
_2
ddc